Online Catalogue and eLibrary

English- Tamil pedagogical dictionary (Record no. 3248)

MARC details
000 -LEADER
fixed length control field 00225nam a2200097Ia 4500
008 - FIXED-LENGTH DATA ELEMENTS--GENERAL INFORMATION
fixed length control field 240331s9999 xx 000 0 und d
082 ## - DDC Classification
Item Number - Author Mark RAJ
100 ## - MAIN ENTRY--PERSONAL NAME
Personal name Rajaram, S
245 #0 - TITLE STATEMENT
Title English- Tamil pedagogical dictionary
942 ## - Koha item type (Biblio)
Koha item type Books in Stacks (Lending)
Holdings
Lost status Damaged status Collection code Home library Current library Shelving location Date acquired Full call number Accession Number Item type
    Lending WERC Library WERC Library Social Science Cupboard 03/31/2024 423 RAJ 1445 Books in Stacks (Lending)

© WERC Library